[Event "Llinars del Valles op-B 13th"]
[Site "Llinars del Valles"]
[Date "2019.04.27"]
[Round "3"]
[White "Rodriguez Lopez, Xavier"]
[Black "Armengou Bernal, Pere"]
[Result "0-1"]
[WhiteElo "1224"]
[BlackElo "1496"]
[PlyCount "64"]
[EventDate "2019.03.30"]
[EventType "swiss"]
[EventRounds "8"]
[EventCountry "ESP"]
[SourceTitle "EXT 2020"]
[Source "ChessBase"]
[SourceDate "2019.10.17"]
[SourceVersion "1"]
[SourceVersionDate "2019.10.17"]
[SourceQuality "1"]

1. e4 c6 2. d4 d5 3. e5 c5 4. c3 Nc6 5. Nf3 Bg4 6. Be2 e6 7. 0-0 Nge7 8. h3 Bxf3 9. Bxf3 cxd4 10. cxd4 Nf5 11. Be3 Qb6 12. Qd2 Nfxd4 13. Be2 Nxe2+ 14. Qxe2 Bc5 15. Bxc5 Qxc5 16. Rd1 0-0 17. Nd2 Rac8 18. Nf3 Rc7 19. Rac1 Qe7 20. Rc2 Rfc8 21. a3 a6 22. Rdc1 Qd7 23. b4 Ne7 24. Nd4 Rxc2 25. Rxc2 Nc6 26. Nb3 Qe7 27. Na5 Qd7 28. Nb3 Qd8 29. Nc5 Nd4 30. Qd2 Nxc2 31. Qxc2 b6 32. Nxe6 fxe6 0-1

[Event "Llinars del Valles op-B 12th"]
[Site "Llinars del Valles"]
[Date "2018.06.09"]
[Round "8.11"]
[White "Armengou Bernal, Pere"]
[Black "Ceruelo Santiveri, Oscar"]
[Result "0-1"]
[WhiteElo "1461"]
[BlackElo "1483"]
[PlyCount "70"]
[EventDate "2018.04.14"]
[EventType "swiss"]
[EventRounds "8"]
[EventCountry "ESP"]
[SourceTitle "CBM 184 Extra"]
[Source "ChessBase"]
[SourceDate "2018.06.28"]
[SourceVersion "1"]
[SourceVersionDate "2018.06.28"]
[SourceQuality "1"]

1. d4 d5 2. Nf3 Nf6 3. c4 e6 4. g3 b6 5. Bg2 Bb7 6. 0-0 Be7 7. Nc3 0-0 8. cxd5 Nxd5 9. Nxd5 Bxd5 10. Re1 Bb4 11. Bg5 f6 12. Bd2 Bd6 13. b3 Bb7 14. b4 a6 15. a3 Nd7 16. Rc1 Rc8 17. e3 Qe7 18. e4 c5 19. Qb3 cxb4 20. Bxb4 Bxb4 21. axb4 Rxc1 22. Rxc1 Bxe4 23. Re1 Bd5 24. Qb2 Qd6 25. Re3 Rc8 26. Bh3 Rc4 27. b5 axb5 28. Qxb5 Rb4 29. Rxe6 Rxb5 30. Rxd6 Bxf3 31. Be6+ Kf8 32. Bf5 g6 33. Bd3 Rb3 34. Bc2 Rb2 35. Bd3 Ke7 0-1

[Event "Girona-ch Seniors"]
[Site "Girona"]
[Date "2018.02.06"]
[Round "1.5"]
[White "Armengou Bernal, Pere"]
[Black "Tarrus Galter, Narcis"]
[Result "1-0"]
[WhiteElo "1442"]
[BlackElo "1887"]
[PlyCount "87"]
[EventDate "2018.02.06"]
[EventType "swiss"]
[EventRounds "6"]
[EventCountry "ESP"]
[SourceTitle "EXT 2024"]
[Source "ChessBase"]
[SourceDate "2023.10.10"]
[SourceVersion "1"]
[SourceVersionDate "2023.10.10"]
[SourceQuality "1"]

1. b3 e5 2. Bb2 d6 3. e3 f5 4. Bb5+ c6 5. Be2 Nf6 6. c4 Nbd7 7. Nf3 Be7 8. d4 e4 9. Ng5 Nf8 10. h4 h6 11. Nh3 g6 12. d5 Rg8 13. dxc6 bxc6 14. f4 Ng4 15. g3 Bf6 16. Nc3 Nxe3 17. Qd2 Ng2+ 18. Kf1 Nxh4 19. gxh4 Rg7 20. Rd1 Rd7 21. Qe3 Ne6 22. h5 g5 23. fxg5 Nxg5 24. Nxg5 Bxg5 25. Qd4 Bf6 26. Qe3 Bg5 27. Qd4 Bf6 28. Qe3 Rh7 29. Rg1 Be6 30. Qg3 Ke7 31. Qg6 Qh8 32. Nd5+ cxd5 33. Bxf6+ Qxf6 34. Qxh7+ Bf7 35. Rg7 Rf8 36. Rg6 Qh4 37. cxd5 e3 38. Re6+ Kd7 39. Bb5+ Kd8 40. Rxd6+ Kc7 41. Rd7+ Kb6 42. Qxh6+ Kxb5 43. Qc6+ Kb4 44. Qa4+ 1-0